| 000 | 01082 a2200313 4500 | ||
|---|---|---|---|
| 999 |
_c10980 _d10980 |
||
| 020 | _a9781906165512 (pbk.) | ||
| 020 | _a1906165513 (pbk.) | ||
| 050 | 0 | 0 |
_aHV600 2011.T64 _bJ36 2015 |
| 100 |
_aGill, Tom _eeditor |
||
| 245 | 0 | 0 |
_aJapan copes with calamity / _cedited by Tom Gill |
| 250 | _aRevised edition. | ||
| 264 | 1 |
_aOxford : _bPeter Lang, _c2015. |
|
| 300 |
_axxi, 316 pages : _billustrations ; |
||
| 336 |
_atext _btxt _2rdacontent |
||
| 337 |
_aunmediated _bn _2rdamedia |
||
| 338 |
_avolume _bnc _2rdacarrier |
||
| 504 | _aIncludes bibliographical references and index. | ||
| 650 | 0 |
_aTohoku Earthquake and Tsunami, Japan, 2011 _xSocial aspects. |
|
| 650 | 0 |
_aFukushima Nuclear Disaster, Japan, 2011 _xSocial aspects. |
|
| 650 | 0 |
_aNuclear power plants _xAccidents |
|
| 650 | 7 |
_aNuclear power plants _xAccidents. |
|
| 650 | 7 | _aSocial aspects. | |
| 651 | 7 | _aJapan | |
| 651 | 7 | _aJapan | |
| 700 | 1 |
_aGill, Tom, _d1960- _eeditor. |
|
| 700 | 1 |
_aSlater, David H., _d1960- _eeditor. |
|
| 700 | 1 |
_aSteger, Brigitte, _d1965- _eeditor. |
|
| 942 |
_2lcc _cBK _h600.2011 _iJAP _kHV |
||